| 000 | 01459nam a2200277 a 4500 | ||
|---|---|---|---|
| 003 | BLK | ||
| 005 | 20250802142454.0 | ||
| 008 | 230119b bu |||||r|||| 00| | bu d | ||
| 020 | _a9789543575527 | ||
| 040 | _aBLK | ||
| 041 |
_aBUL _cBUL |
||
| 080 |
_aАнглийска литература _b821.111 _z821.111-312.4 |
||
| 100 |
_aДжаксън, Холи _91299 |
||
| 245 |
_aДобро момиче, лоша кръв _bРоман _cХоли Джаксън ; прев. от англ. Емилия Ничева-Карастойчева. |
||
| 257 | _aGBR | ||
| 260 |
_9210050 _aСофия _bЕМАС _c2022 _fКостинброд : Мултипринт _n978-954-357- ; 954-8793- |
||
| 300 |
_a344 с. _c21 см |
||
| 380 | _aX | ||
| 501 | _aОриг. загл.: Good girl, bad blood / Holly Jackson Възприетата форма на името на прев. Емилия Ничева-Карастойчева е Емилия Станимирова Карастойчева За авт.: с. 342 | ||
| 700 | 1 |
_aКарастойчева, Емилия Станимирова _d1971 - _gИндолог. Преводач от английски език _qНичева-Карастойчева, Емилия Станимирова _976920 |
|
| 852 |
_aЦб 322129 _bЦб |
||
| 856 |
_i0.00 _ldisable |
||
| 942 |
_cKNG _n0 _s1 _027 |
||
| 944 |
_c2024 _k30542 _lРусанова Ирена |
||
| 999 |
_c488334 _d488334 |
||